00990nam a2200277 i 4500001001000000003000900010005001700019007000300036008004100039040003000080041000800110082002400118100004400142245008100186264008500267300004400352336002700396337003300423338002800456490002200484500006400506650002400570650002700594700004000621710005100661000010323DO-SdBNP20250717074015.0ta091006s1986 dr a r 001 p spa d aDO-SdBNPbspacBNPHUerda hspa 4aRD861.44bD948p2221 aDurán, José S.,d1963-eautor4aut.10aEn primavera dos intentos /cJosé S. Durán ; prólogo, José Galván. 4aSanto Domingo :bBiblioteca Nacional Pedro Henríquez Ureña (BNPHU),c©1986. a50 páginas :bilustraciones ;c21 cm. atextobtxt2rdacontent asin mediaciónbn2rdamedia avolumenbnc2rdacarrier0 aColección Orfeo aIncluye datos biográficos del autor en la contracubierta  4aPoesía dominicana 4aLiteratura dominicana.1 aGalván, José,eprologuista4pr.2 aBiblioteca Nacional Pedro Henríquez Ureña